000 00547nam a2200181 i 4500
001 58799
003 ES-MaACL
005 20230906163906.0
007 t|
008 031024s1969 ve ||||1| spa d
100 1 _aEchevarría, J. L.
_946545
245 1 0 _aCursillo cooperativo de ahorrro y crédito /
_cJ.L. Echevarría ; dibujos de Ted Springer.
250 _a1ª ed.
260 _aBarquisimeto :
_bCentro Gumilla,
_c[1969]
300 _a103 p. :
_bil. ;
_c24 cm.
700 1 _aSpringer, Ted.
_9107810
852 _aES-MaACL
_jC-46694
_bR.70890
999 _c58799
_d58799